Central Library OPAC University of Rajshahi

বলাকা / (Record no. 38728)

MARC details
000 -LEADER
fixed length control field 00763nam a22002177a 4500
001 - CONTROL NUMBER
control field 38728
003 - CONTROL NUMBER IDENTIFIER
rucl marc code BD-RjUL
005 - DATE AND TIME OF LATEST TRANSACTION
control field 20211209052841.0
008 - FIXED-LENGTH DATA ELEMENTS--GENERAL INFORMATION
fixed length control field 160215s1961 ii ||||| |||| 00| 0 ben d
035 ## - SYSTEM CONTROL NUMBER
System control number (BD-RjUL)38837
040 ## - CATALOGING SOURCE
Original cataloging agency BD-RjUL
Language of cataloging eng
Transcribing agency BD-RjUL
041 ## - LANGUAGE CODE
Language code of text/sound track or separate title ben
082 ## - DEWEY DECIMAL CLASSIFICATION NUMBER
Edition number 23
Classification number 891.441
Author mark and year TAB 1961
100 ## - MAIN ENTRY--PERSONAL NAME
Personal name ঠাকুর, রবীন্দ্রনাথ
9 (RLIN) 119476
245 ## - TITLE STATEMENT
Title বলাকা /
Statement of responsibility, etc. রবীন্দ্রনাথ ঠাকুর
260 ## - PUBLICATION, DISTRIBUTION, ETC. (IMPRINT)
Place of publication, distribution, etc. কলিকাতা :
Name of publisher, distributor, etc. বিশ্বভারতী গ্রন্থালয়,
Date of publication, distribution, etc. ১৯৬১.
300 ## - PHYSICAL DESCRIPTION
Pagination ১৭৫ পৃ. ;
Size ২৩ সেমি.
650 ## - SUBJECT ADDED ENTRY--TOPICAL TERM
Topical term or geographic name as entry element বাংলা কবিতা
9 (RLIN) 119477
Topical term or geographic name as entry element Bengali poetry.
9 (RLIN) 119478
942 ## - ADDED ENTRY ELEMENTS (KOHA)
Source of classification or shelving scheme Dewey Decimal Classification
Koha item type Books
Holdings
Lost status Source of classification or shelving scheme Damaged status Not for loan Collection code Permanent Location Current Location Shelving location Date acquired Source of acquisition Cost, normal purchase price Total Checkouts Total Renewals Full call number Date last seen Date checked out Copy number Koha item type
  Dewey Decimal Classification     Non-fiction Central Library, University of Rajshahi Central Library, University of Rajshahi   20/12/1961 Rajshahi, Faruqe Library 3.19 3 1 B 891.441 TAB 1961 09/03/2020 06/02/2020 C-2 Books
  Dewey Decimal Classification     Non-fiction Central Library, University of Rajshahi Central Library, University of Rajshahi   19/11/1962 Kamala book 7.00     B 891.441 TAB 1961 16/07/2016   C-3 Books
  Dewey Decimal Classification     Non-fiction Central Library, University of Rajshahi Central Library, University of Rajshahi   09/02/1965 Ideal 4.20     B 891.441 TAB 1961 20/07/2016   C-4 Books